The Capitalist city : (Record no. 15899)
[ view plain ]
| 000 -LEADER | |
|---|---|
| fixed length control field | 00931pam a2200301 a 4500 |
| 001 - CONTROL NUMBER | |
| control field | 2406602 |
| 003 - CONTROL NUMBER IDENTIFIER | |
| control field | 000 |
| 005 - DATE AND TIME OF LATEST TRANSACTION | |
| control field | 20170824160059.0 |
| 007 - PHYSICAL DESCRIPTION FIXED FIELD--GENERAL INFORMATION | |
| fixed length control field | 000 |
| 008 - FIXED-LENGTH DATA ELEMENTS--GENERAL INFORMATION | |
| fixed length control field | 861006s1987 enk b 001 0 eng |
| 010 ## - LIBRARY OF CONGRESS CONTROL NUMBER | |
| LC control number | 86026841 |
| 020 ## - INTERNATIONAL STANDARD BOOK NUMBER | |
| International Standard Book Number | 0631151826 (U.S.) : |
| Terms of availability | $45.00 |
| 040 ## - CATALOGING SOURCE | |
| Original cataloging agency | UOEL |
| Transcribing agency | DLC |
| Modifying agency | DLC |
| 050 00 - LIBRARY OF CONGRESS CALL NUMBER | |
| Classification number | HT321 |
| Item number | .C3 1987 |
| 082 00 - DEWEY DECIMAL CLASSIFICATION NUMBER | |
| Classification number | 330.9173/2 |
| Edition number | 19 |
| 245 04 - TITLE STATEMENT | |
| Title | The Capitalist city : |
| Remainder of title | global restructuring and community politics / |
| Statement of responsibility, etc. | edited by Michael Peter Smith & Joe R. Feagin. |
| 260 ## - PUBLICATION, DISTRIBUTION, ETC. (IMPRINT) | |
| Place of publication, distribution, etc. | Oxford [Oxfordshire], UK ; |
| -- | New York, NY, USA : |
| Name of publisher, distributor, etc. | B. Blackwell, |
| Date of publication, distribution, etc. | 1987. |
| 300 ## - PHYSICAL DESCRIPTION | |
| Extent | vi, 393 p. ; |
| Dimensions | 24 cm. |
| 504 ## - BIBLIOGRAPHY, ETC. NOTE | |
| Bibliography, etc | Includes bibliographies and index. |
| 650 #0 - SUBJECT ADDED ENTRY--TOPICAL TERM | |
| Topical term or geographic name as entry element | Urban economics. |
| Topical term or geographic name as entry element | Urbanization. |
| Topical term or geographic name as entry element | Capitalism. |
| Topical term or geographic name as entry element | Urban policy. |
| 700 1# - ADDED ENTRY--PERSONAL NAME | |
| Personal name | Smith, Michael P. |
| Personal name | Feagin, Joe R. |
| 906 ## - LOCAL DATA ELEMENT F, LDF (RLIN) | |
| a | 7 |
| b | cbc |
| c | orignew |
| d | 1 |
| e | ocip |
| f | 19 |
| g | y-gencatlg |
| 942 ## - ADDED ENTRY ELEMENTS (KOHA) | |
| Source of classification or shelving scheme | Library of Congress Classification |
| Koha item type | SES Book |
| Withdrawn status | Lost status | Source of classification or shelving scheme | Damaged status | Not for loan | Home library | Current library | Shelving location | Date acquired | Total Checkouts | Full call number | Barcode | Date last seen | Copy number | Price effective from | Koha item type |
|---|---|---|---|---|---|---|---|---|---|---|---|---|---|---|---|
| Library of Congress Classification | UOE Main Library | UOE Main Library | Open shelf | 24/08/2017 | HT321 .C3 1987 | 10036155 | 27/04/2026 | 10036155 | 24/08/2017 | SES Book |
